| 000 | 00649nam a2200205 a 4500 | ||
|---|---|---|---|
| 005 | 20140412111353.0 | ||
| 008 | 050425s19uu xx 00 eng d | ||
| 020 | _a0-02-660868-5 | ||
| 050 |
_aTR(GS 372.4 _bB99 2000 |
||
| 100 | _aByers, Helen | ||
| 245 |
_aGull and crane : _cby Helen Byers ; illustrated by Deborah Colvin Borgo. _bdecodable book / |
||
| 260 |
_aColumbus, Ohio : _bSRA/McGraw-Hill, _c2000. |
||
| 300 | _a8 p. ; ill. | ||
| 440 | _aSRA Open Court Reading | ||
| 500 | _aLevel B, Set 1, Book 40 | ||
| 650 |
_aReading _xPhonetics _xJuvenile literature |
||
| 650 |
_aBirds _xFiction |
||
| 650 | _aChildren stories | ||
| 999 |
_c105360 _d105360 |
||